Tribhuvan University Central Library

Girls at war and other stories / (Record no. 56107)

MARC details
000 -LEADER
fixed length control field 01063 a2200313 4500
001 - CONTROL NUMBER
control field 1387915
005 - DATE AND TIME OF LATEST TRANSACTION
control field 20120907091144.0
008 - FIXED-LENGTH DATA ELEMENTS--GENERAL INFORMATION
fixed length control field 910328r19911972nyu 000 1 eng
010 ## - LIBRARY OF CONGRESS CONTROL NUMBER
LC control number 91013778
020 ## - INTERNATIONAL STANDARD BOOK NUMBER
International Standard Book Number 0385418965
035 ## - SYSTEM CONTROL NUMBER
System control number (OCoLC)23582796
035 ## - SYSTEM CONTROL NUMBER
System control number (OCoLC)ocm23582796
035 ## - SYSTEM CONTROL NUMBER
System control number (NNC)1387915
040 ## - CATALOGING SOURCE
Original cataloging agency DLC
Transcribing agency DLC
Modifying agency DLC
043 ## - GEOGRAPHIC AREA CODE
Geographic area code f-nr---
050 10 - LIBRARY OF CONGRESS CALL NUMBER
Classification number PR9387.9.A3
Item number G57 1991
082 00 - DEWEY DECIMAL CLASSIFICATION NUMBER
Classification number 823 / Ac45g
Edition number 20
100 1# - MAIN ENTRY--PERSONAL NAME
Personal name Achebe, Chinua.
9 (RLIN) 14118
245 10 - TITLE STATEMENT
Title Girls at war and other stories /
Statement of responsibility, etc Chinua Achebe.
250 ## - EDITION STATEMENT
Edition statement 1st Anchor Books ed.
260 ## - PUBLICATION, DISTRIBUTION, ETC. (IMPRINT)
Place of publication, distribution, etc New York :
Name of publisher, distributor, etc Anchor Books,
Date of publication, distribution, etc 1991.
300 ## - PHYSICAL DESCRIPTION
Extent 120 p. ;
Dimensions 21 cm.
505 0# - FORMATTED CONTENTS NOTE
Formatted contents note The madman -- The voter -- Marriage is a private affair -- Akueke -- Chike's school days -- The sacrificial egg -- Vengeful creditor -- Dead man's path -- Uncle Ben's choice -- Civil peace -- Sugar baby -- Girls at war.
650 ## - SUBJECT ADDED ENTRY--TOPICAL TERM
Topical term or geographic name as entry element Nigerian novel.
9 (RLIN) 14119
650 ## - SUBJECT ADDED ENTRY--TOPICAL TERM
Topical term or geographic name as entry element Nigerian literature.
9 (RLIN) 14120
651 #0 - SUBJECT ADDED ENTRY--GEOGRAPHIC NAME
Geographic name Nigeria
Form subdivision Fiction.
9 (RLIN) 14117
942 ## - ADDED ENTRY ELEMENTS (KOHA)
Source of classification or shelving scheme Dewey Decimal Classification
Koha item type General Collections
Holdings
Withdrawn status Lost status Source of classification or shelving scheme Damaged status Not for loan Home library Current library Shelving location Date acquired Total Checkouts Total Renewals Full call number Barcode Date last seen Date checked out Price effective from Koha item type
    Dewey Decimal Classification     Tribhuvan University Central Library Tribhuvan University Central Library New Building 02/01/2011 7 1 823 / Ac45g 135257 06/30/2022 06/28/2022 02/01/2011 General Collections